000 00417nam a2200157Ia 4500
008 240729s9999 xx 000 0 und d
022 _a2582-4988
245 0 _aPediatric Infectious Disease
260 _aIndia
260 _bJaypee Brothers Medical Publisher
650 _a Pediatrics
650 _aMedicine
856 _uhttps://doaj.org/toc/7f3181b931b14a509a007f5fc85f783e
942 _2ddc
942 _cDOAJEJ
999 _c72390
_d72390
945 _a1
_bMadushi Gamage
_c1
_dMadushi Gamage